000 01001nam a2200253 i 4500
003 IT-RoINE
005 20170130091743.0
008 900725s1913 sp r ||0||dspa|d
040 _aSpMaBN
_cA2 IT-RoINE
_dSpMaBN
_dIT-RoINE
100 1 _aGroizard y Coronado, Carlos,
_d1858-1934
_927417
245 1 3 _aLa Diócesis de Calahorra en el siglo XV :
_bDon Juan de Quemada, Obispo Auxiliar (1478-1492) /
_cpor Carlos Groizard y Coronado.
260 _aMadrid :
_b[s.n.],
_c1913.
300 _a63 p. ;
_c23 cm.
336 _2rdacontent
_atext
337 _2rdamedia
_aunmediated
338 _2rdacarrier
_avolume
500 _aTít. tomado de la cub.
500 _aPrecede al tít.: Ensayo de investigación histórica.
504 _aIncluye referencias bibliográficas.
600 1 4 _aQuemada, Juan de,
_d1478-1492
_927418
610 1 4 _927419
_aCalahorra (España : Diócesis)
_xHistoria
_ySiglo 15o.
650 4 _927420
_aObispos
_zEspaña
_zCalahorra (Diócesis)
_vHistoria
_xSiglo 15o.
942 _cMTS
999 _c13528
_d13528